[Event "Malakhatko Memorial op"]
[Site "Chess.com INT"]
[Date "2023.06.14"]
[Round "9"]
[White "Gerashchenko, Oleksiy"]
[Black "Sakovski, Roman"]
[Result "1-0"]
[WhiteElo "1578"]
[BlackElo "1732"]
[PlyCount "99"]
[EventDate "2023.06.14"]
[EventType "swiss (blitz)"]
[EventRounds "11"]
[EventCountry "USA"]
[SourceTitle "CBM 214 Extra"]
[Source "ChessBase"]
[SourceDate "2023.07.31"]
[SourceVersion "1"]
[SourceVersionDate "2023.07.31"]
[SourceQuality "1"]

1. e4 c5 2. b4 e6 3. bxc5 Bxc5 4. d4 Bb6 5. c3 Nf6 6. Bd3 d6 7. Nf3 0-0 8. 0-0 Re8 9. a4 e5 10. d5 a6 11. Re1 Nbd7 12. Ba3 Nc5 13. Bc2 Bg4 14. Nbd2 Ba7 15. h3 Bh5 16. g4 Bg6 17. Bxc5 Bxc5 18. Qe2 Qb6 19. Reb1 Qa7 20. Nh4 h5 21. Nxg6 fxg6 22. g5 Nd7 23. Kg2 Rf8 24. f3 Rf7 25. a5 Be3 26. Nc4 Bc5 27. Bd1 Raf8 28. Qb2 Bg1 29. Nxd6 Rf4 30. Ra2 Nc5 31. Qb6 Qxb6 32. axb6 Be3 33. Nc4 Nxe4 34. fxe4 Rf2+ 35. Rxf2 Rxf2+ 36. Kh1 Rf1+ 37. Kg2 Rf2+ 38. Kg3 Bc5 39. Bf3 h4+ 40. Kg4 Rc2 41. Nxe5 Rxc3 42. Nxg6 Bf2 43. Nxh4 Bxh4 44. Kxh4 Rxf3 45. Rd1 Rf8 46. d6 Rd8 47. e5 Kf7 48. g6+ Ke6 49. Kg5 Kxe5 50. h4 1-0

[Event "Malakhatko Memorial op"]
[Site "Chess.com INT"]
[Date "2023.06.14"]
[Round "2"]
[White "Yaniuk, Volodymyr"]
[Black "Gerashchenko, Oleksiy"]
[Result "1-0"]
[WhiteElo "2223"]
[BlackElo "1578"]
[PlyCount "47"]
[EventDate "2023.06.14"]
[EventType "swiss (blitz)"]
[EventRounds "11"]
[EventCountry "USA"]
[SourceTitle "CBM 214 Extra"]
[Source "ChessBase"]
[SourceDate "2023.07.31"]
[SourceVersion "1"]
[SourceVersionDate "2023.07.31"]
[SourceQuality "1"]

1. d4 e6 2. c4 f5 3. g3 Nf6 4. Bg2 c6 5. Nc3 d5 6. Nf3 Bb4 7. 0-0 Bxc3 8. bxc3 0-0 9. a4 b6 10. a5 Ba6 11. axb6 Qxb6 12. Ne5 Ne4 13. Qc2 Qc7 14. Ba3 Re8 15. Rfb1 Nd7 16. Nxd7 Qxd7 17. f3 Nd6 18. Bxd6 Qxd6 19. Rxa6 dxc4 20. f4 Rac8 21. Rxa7 c5 22. e3 cxd4 23. exd4 Qb6 24. Rxb6 1-0